| 000 | 01187nam a2200301 i 4500 | ||
|---|---|---|---|
| 001 | 37552 | ||
| 003 | ES-MaACL | ||
| 005 | 20251019063040.0 | ||
| 007 | t| | ||
| 008 | 030221s1951 sp ||||1| spa d | ||
| 040 | _cES-MaACL | ||
| 080 | _a821.112.2 Goethe, Johann Wolfgang von 7 Werther.06 | ||
| 080 | _a821.161.1 Dostoevskiï, Fiodor Mijaïlovich 7 Idiot.06 | ||
| 080 | _a821.134.2 Unamuno, Miguel de 7 Abel Sánchez.06 | ||
| 100 | 1 |
_aCabaleiro Goas, Manuel _933063 _eaut |
|
| 245 | 1 | 0 |
_aWerther, Mischkin y Joaquín Monegro vistos por un psiquiatra : _btrilogía patográfica / _cManuel Cabaleiro Goas. |
| 260 |
_aBarcelona : _bApolo, _c[1951] ( _fMiguza) |
||
| 300 |
_a310 páginas ; _c15 cm. |
||
| 490 | 1 | _aPrisma | |
| 600 | 1 | 4 |
_aGoethe, Johann Wolfgang von, _d1749-1832- _xCrítica e interpretación _957571 |
| 600 | 1 | 4 |
_aDostoievski, Fiódor, _d1821-1881- _xCrítica e interpretación _945459 |
| 600 | 1 | 4 |
_aUnamuno, Miguel de, _d1864-1936- _xCrítica e interpretación _9111984 |
| 830 | 1 | 0 |
_aPrisma _9180749 |
| 852 |
_aES-MaACL _jD-6232 _938916 _cSVI |
||
| 942 |
_cMONOGRAFIA _n0 |
||
| 999 |
_c37552 _d37552 |
||